LEADER 01006nam a2200217 i 4500 001 000000231473 003 CaOOAMICUS 005 20140730000000.0 008 140730s1766 it u000 u ita u 013 $a210376 026 $adin' n.m. 2.t. (3(I (3) 1766 (R) 040 $aSeMil$bita 245 10$aTomo dieci. Il Daniele parte seconda. 300 $aXII, 272 p. 500 $aSegn. : *6 A-R8. 773 0 $aNiccolai, Alfonso $tDissertazioni e lezioni di sacra scrittura pubblicate da Alfonso Niccolai ... libro della Genesi. Tomo 1. [-13. ed ultimo]. Contiene l'opera de' sei giorni della creazione.$bPrima edizione veneta accrescita d'aggiunte, e annotazioni dallo stesso autore$dIn Venezia : Appresso Gio. Francesco Garbo, 1764-1767.$g10$w()30245 850 $aSeMil 852 $aSeMil$W1$xVenegono$y1$m2W II 45 FA$j181819$B181819$CSeMilBibl$Z2$F192646 $8I 941 1 $a10 961 $aRecupero: Mantegazza 996 $6245$aTomo dieci. Il Daniele parte seconda$9(OLS)http://semarc/title/330547 LEADER 01053nam a2200253 i 4500 001 000000151741 003 CaOOAMICUS 005 20260327093523.0 008 060818s1946 it u000 u fre u 013 $a129080 040 $aSeMil$bita 100 1 $aBergson, Henri,$d<1859-1941>.$0(OLS)http://semarc/name/24632 245 10$aEssai sur les données immédiates de la conscience /$cpar Henri Bergson. 250 $a63. éd. 260 $aParis :$bPresses Universitaires de France,$c1946. 300 $aVIII, 180 p. ;$c23 cm. 490 0 $aBibliothèque de philosophie contemporaine 830 0$aBibliothèque de philosophie contemporaine.$0(OLS)http://semarc/title/9305 850 $aSeMil 852 $aSeMil$W1$xVenegono$y1$m2O II 80$j103724$B103724$CSeMilBibl$Z2$F113548 $81 961 $aLascito: Gogna prof.ssa Silvia 996 $6245$aEssai sur les données immédiates de la conscience$9(OLS)http://semarc/title/221750 996 $6260$aParis :$bPresses Universitaires de France$9(OLS)http://semarc/publisher/30047